| 000 | 01130nam a22003737a 4500 | ||
|---|---|---|---|
| 005 | 20251030110029.0 | ||
| 008 | 180228b1993 xxu||||| |||| 00| 0 spa d | ||
| 020 | _a9701002695 | ||
| 041 | _aESP | ||
| 082 | _a658.456 AR774c | ||
| 100 |
_aArredondo, Lani _931549 |
||
| 245 | _aCómo hacer presentaciones profesionales | ||
| 260 | _aMéxico | ||
| 260 | _bMcGraw-Hill | ||
| 260 | _c1993 | ||
| 300 | _a180 páginas | ||
| 490 | _aDirección y Administración de Empresas | ||
| 490 | _aSecretariado Ejecutivo | ||
| 650 | _aDIRECCIÓN DE REUNIONES | ||
| 650 | _aCOMUNICACIÓN ORAL | ||
| 650 | _aPRINCIPIOS BÁSICOS PARA PRESENTADORES | ||
| 650 | _aPRESENTACIONES PROFESIONALES | ||
| 650 | _aPREPARACIÓN DE SU MENSAJE | ||
| 650 | _aPREPARE EL MATERIAL DE APOYO | ||
| 650 | _aSU RELACIÓN CON LA GENTE | ||
| 650 | _aEXPRECIONES FACIALES | ||
| 650 | _aLO QUE USTED PROYECTA VOCALMENTE | ||
| 650 | _aLOS AUDIVISUALES COMO MATERIAL DE APOYO | ||
| 650 | _aCOMO SUPERAR LA HABILIDAD | ||
| 650 | _aRECURSOS PARA ADQUIRIR HABILIDAD | ||
| 650 | _aAUDITORIOS | ||
| 650 | _aAUDIOVISUALES | ||
| 942 |
_cBK _2ddc |
||
| 999 |
_c10350 _d10350 |
||